000 00391nam a2200145Ia 4500
008 150201s1920 xx 000 0 und d
082 _a614.1
_bM20M
100 _aMATHIARAN, K .
245 _aMODI,S MEDICAL JURISPRUDENSE AND TOXICOLOGY
250 _a23RD
260 _bLEXIS NEXIS BUTTERWORTHS WADHWA
_aNAGPUR
_c1920
300 _a1-794
650 _aFORENSIC MEDICINE
942 _2ddc
_cBK
_01
999 _c1231
_d1231